| 000 | 00000nam##2200000za#4500 |
| 001 | 9.663733 |
| 003 | CaOODSP |
| 005 | 20210615121205 |
| 007 | ta |
| 008 | 150407|2002||||xxc||||| f|0| 0 eng|d |
| 020 | |a0-662-66560-0 |
| 040 | |aCaOODSP|beng |
| 041 | |aeng |
| 041 | |afre |
| 043 | |an-cn--- |
| 086 | 1 |aIu4-1/2002 |
| 110 | 1 |aCanada. |bIndustry Canada. |
| 245 | 10|aCanada Research Chairs : |bresearch at its best |
| 260 | |aOttawa - Ontario : |bIndustry Canada |c2002. |
| 300 | |aEnglish text, 5p. : |billus. ; |c28 cm. |
| 546 | |aBilingual |
| 563 | |aSoftcover |
| 590 | |a02-20|b2002-05-17 |
| 690 | 07|aBooklets|2gcpds |
| 690 | 07|aFederal programs|2gcpds |
| 690 | 07|aResearch chairs|2gcpds |
| 776 | 0#|tLes chaires de recherche du Canada |w(CaOODSP)9.639904 |
| 776 | 0#|tCanada Research Chairs : |w(CaOODSP)9.695784 |
| 792 | |tLes chaires de recherche du Canada : |efre|w(CaOODSP)9.663734 |